00709nam a22002057a 45000010005000000030006000050050017000110080041000280200018000690400029000870500014001160820012001301000020001422450039001623000037002015050006002385200220002445210021004645210018004853989FISKH20250826092147.0240529b cb ||||| |||| 00| 0 eng d a9780545473620 aFISKHbengcFISKHdFISKH aQH86.S455 a578.734 aSerafini, Frank aLooking closely in the rain forest a20 unnumbered pages :c23 X26 cm aK a"Through the magic of close-up photography, the author first asks the reader to identify an object found in a rain forest in a super-close-up picture, with the next page revealing the entire picture." - Librarything8 a580 bLexile AD8 aK bRaz-Plus